Председници Југославије / Србије и Црне Горе - Statistics

General Stats
  • This quiz has been taken 365 times
    178 since last reset
  • The average score is 5 of 20
Answer Stats
Мандат Председник % Correct
1953−1980 Јосип Броз Тито
96%
1997−2000 Слободан Милошевић
87%
2000−2003 Војислав Коштуница
62%
1992−1993 Добрица Ћосић
36%
1991 Стјепан Месић
22%
1993−1997 Зоран Лилић
21%
1945−1953 Иван Рибар
20%
1982−1983 Петар Стамболић
20%
2003−2006 Светозар Маровић
20%
1989−1990 Јанез Дрновшек
14%
1990−1991 Борисав Јовић
14%
1980 Лазар Колишевски
13%
1986−1987 Синан Хасани
11%
1987−1988 Лазар Мојсов
11%
1981−1982 Сергеј Крајгер
10%
1983−1984 Мика Шпиљак
10%
1988−1989 Раиф Диздаревић
10%
1980−1981 Цвијетин Мијатовић
9%
1984−1985 Веселин Ђурановић
8%
1985−1986 Радован Влајковић
8%
No matching quizzes found
Score Distribution
Percent of People with Each Score
Percentile by Number Answered
Your Score History
You have not taken this quiz since the last reset